000 00596nam a2200181 a 4500
001 000026707
005 20200930030351.0
008 110324s1997 dr a 000 0 spa d
040 _aDO-SdBNP
_bspa
_cBNPHU
082 _axxxx
_bH557p
100 1 _aHernández Caamaño, Mercedes
_953819
245 1 0 _aProyecto curricular del centro /
_cMercedes Hernández Caamaño.
260 _aSanto Domingo :
_b[s.n.],
_c1997.
300 _aix, 116 p. :
_bil. ;
_c24 cm.
504 _aIncluye referencias bibliográficas y notas al pie de las páginas
504 _aBibliografía : p. 111-112
049 _aBNPD
999 _c26199
_d26199